000 00492cam a22001934a 4500
005 20250605164310.0
008 250528s ||||||||||||||||||||||||d
035 _a22443
020 _a9789601100197
040 _aGR-AtMCL
_bgre
_dGR-AtMCL
_eAACR2
245 1 _aΟΔΗΓΟΣ ΓΙΑ ΤΟ ΣΥΝΔΡΟΜΟ ASPERGER
250 _a1
260 _bΣυμμετρια,
_c2011
300 _a250
700 1 _aGillberg Christopher
_98268
942 _cBK
999 _c7495
_d7495